Statistieken voor Olympische Zomerspelen kandidaat-gaststeden

Klik hier om de quiz te nemen!

Algemene statistieken

  • Deze quiz is 88 keer genomen
    (73 sinds de laatste reset)
  • De gemiddelde score is 32 van 73

Antwoordstatistieken

#JarenStad% Correct
61900, 1924, 1992,
2008, 2012, 2024
Parijs
98%
41908, 1916, 1936, 2000Berlijn
93%
41908, 1944, 1948, 2012Londen
93%
51940, 1960, 1964, 2016, 2020Tokio
93%
71916, 1920, 1924,
1928, 1952, 1992, 2028
Amsterdam
90%
41896, 1944, 1996, 2004Athene
85%
41972, 2012, 2016, 2020Madrid
85%
22000, 2008Peking
85%
41924, 1936, 1940, 1992Barcelona
83%
41936, 2004, 2012, 2016Rio de Janeiro
83%
101924, 1928, 1932, 1948, 1952,
1956,1976, 1980, 1984, 2028
Los Angeles
80%
12000Sydney
80%
11920Antwerpen
78%
41936, 1940, 1944, 1952Helsinki
78%
31976, 1980, 2012Moskou
78%
11972Munchen
76%
91908, 1924, 1936, 1940, 1944,
1960, 2004, 2020, 2024
Rome
76%
12012New York
73%
21912, 2004Stockholm
73%
31916, 1960, 1964Brussel
71%
31956, 1960, 1968Mexico-Stad
71%
11988Seoel
68%
31956, 1996, 2028Melbourne
61%
11964Wenen
61%
21908, 2000Milaan
59%
12008Caïro
56%
11992Brisbane
54%
22028, 2032Brisbane
54%
12004Kaapstad
54%
11936Dublin
49%
52000, 2004, 2008, 2012, 2020Istanboel
49%
21920, 1996Atlanta
46%
61916, 1920, 1936,
1944, 1960, 2024
Boedapest
46%
41936, 1956, 1968, 2004Buenos Aires
46%
41944, 1956, 1972, 1976Montreal
41%
21924, 2016Praag
39%
11904St. Louis
39%
4(1904), 1952, 1956, 2016Chicago
37%
21996, 2000Manchester
37%
12004Sint Petersburg
37%
12008Bangkok
32%
21992, 1996Belgrado
32%
21996, 2008Toronto
32%
12028Vancouver
32%
12000Brasilia
29%
12024Hamburg
29%
11956San Francisco
29%
22016, 2020Doha
27%
21920, 1968Lyon
27%
12008Osaka
24%
22004, 2008Sevilla
22%
22016, 2020Bakoe
17%
11992Birmingham
17%
11936Frankfurt
17%
11936Keulen
17%
12028Seattle
17%
12028Casablanca
15%
12008Kuala Lumpur
15%
12004Lille
15%
71944, 1952, 1956, 1960,
1964, 1968, 1972
Detroit
12%
31920, 2008, 2012Havana
12%
41920, 1948, 1952, 1956Philadelphia
12%
41936, 1944, 1948, 1960Lausanne
10%
12012Leipzig
10%
11936Montevideo
10%
11948Baltimore
5%
31948, 1952, 1956Minneapolis
2%
11988Nagoya
2%
21916, 1936Alexandria
0%
21916, 1920Cleveland
0%
11936Nuremberg
0%
12004San Juan
0%
12000Tasjkent
0%

Scoreverdeling

Percentiel versus Aantal Correcte Antwoorden

Procent van Mensen met Elke Score

Uw Scoregeschiedenis

U heeft deze quiz nog niet genomen sinds de laatste reset